000 00440nam a22001577a 4500
005 20170214105934.0
008 170119b xxu||||| |||| 00| 0 eng d
020 _a0954117905
040 _cPK-LaUMT
082 _a301.092
_bSTO-B
100 _aStone, Maureen
245 _aBlack woman walking:
_ba different experience of world travel/
_cMaureen Stone
260 _aCornwall:
_bBeagay publications,
_c2002
300 _a394 p.
942 _cBK
999 _c90240
_d90240